[Event "Russian Championship G17 2016"]
[Site "Loo"]
[Date "2016.04.28"]
[Round "9.12"]
[White "Zhemchuzhina, Elizaveta"]
[Black "Abasheeva, Ksenia"]
[Result "1-0"]
[WhiteElo "2000"]
[BlackElo "1886"]
[PlyCount "75"]
[EventDate "2016.04.20"]

1. e4 c5 2. Nf3 d6 3. d4 cxd4 4. Nxd4 Nf6 5. Nc3 a6 6. Bc4 e6 7. a3 b5 8. Ba2
Bb7 9. O-O Nc6 10. Kh1 Be7 11. f4 O-O 12. f5 Nxd4 13. Qxd4 Qd7 14. fxe6 fxe6
15. Bg5 Ng4 16. Bf4 Kh8 17. Bg3 Rad8 18. h3 Nf6 19. Rad1 a5 20. Bh2 h6 21. Rf2
Qc6 22. Re2 b4 23. axb4 axb4 24. Qxb4 Ba6 25. Red2 Rb8 26. Qa3 Ra8 27. Qb3 Rfb8
28. Qxe6 Rxb2 29. Nd5 Rxa2 30. Nxe7 Bc4 31. Qxf6 Qxe4 32. Qxd6 Rxc2 33. Rxc2
Qxc2 34. Be5 Ra2 35. Ng6+ Kh7 36. Nf4 Qf5 37. Qd4 Qf7 38. Qe4+ 1-0

[Event "Russian Championship G17 2016"]
[Site "Loo"]
[Date "2016.04.28"]
[Round "9.13"]
[White "Khristenko, Anna"]
[Black "Yurovskikh, Yasmin"]
[Result "1/2-1/2"]
[WhiteElo "1962"]
[BlackElo "1892"]
[PlyCount "62"]
[EventDate "2016.04.20"]

1. Nf3 d6 2. g3 e5 3. d3 f5 4. Bg2 Nf6 5. Nbd2 Be7 6. c3 O-O 7. Qb3+ Kh8 8. Ng5
d5 9. c4 c6 10. Ndf3 Bd6 11. cxd5 cxd5 12. d4 e4 13. Ne5 Qe7 14. Bf4 Kg8 15.
Rc1 Nbd7 16. Nxd7 Bxd7 17. Bxd6 Qxd6 18. O-O b6 19. Nh3 Nh5 20. e3 Rac8 21.
Rfd1 Rc6 22. Bf1 Rfc8 23. Rxc6 Qxc6 24. Qa3 Qc2 25. Qxa7 Nf6 26. Re1 Qd2 27.
Rb1 Qc2 28. Re1 Qd2 29. Rb1 Qc2 30. Re1 Qd2 31. Rb1 Qc2 1/2-1/2

[Event "Russian Championship G17 2016"]
[Site "Loo"]
[Date "2016.04.28"]
[Round "9.14"]
[White "Krapivina, Galina"]
[Black "Kosheparova, Tatiana"]
[Result "1-0"]
[WhiteElo "1859"]
[BlackElo "1933"]
[PlyCount "97"]
[EventDate "2016.04.20"]

1. e4 c5 2. d3 Nc6 3. g3 g6 4. Bg2 Bg7 5. f4 d6 6. c3 e6 7. Nf3 Nge7 8. O-O O-O
9. Be3 b6 10. Bf2 Ba6 11. Re1 Qc7 12. d4 cxd4 13. Nxd4 Rac8 14. Na3 Nxd4 15.
Bxd4 e5 16. Be3 Rcd8 17. Qa4 Bc8 18. Rad1 a6 19. Qb4 b5 20. c4 Nc6 21. Qd2 b4
22. Nc2 a5 23. Qf2 Bg4 24. Bb6 Qb7 25. Rd2 Rb8 26. Be3 Be6 27. Rxd6 Bxc4 28. b3
Bb5 29. Red1 Rfd8 30. R6d5 Rxd5 31. exd5 Qd7 32. Qf3 Ne7 33. fxe5 Bxe5 34. Nd4
Ba6 35. Nc6 Nxc6 36. dxc6 Qe6 37. Qd5 Qf5 38. Bh6 Bc7 39. Qxf5 gxf5 40. Rd7
Bb6+ 41. Kh1 Re8 42. Bd5 Re1+ 43. Kg2 Bf1+ 44. Kf3 Be2+ 45. Kf4 Bh5 46. Kg5 Bg6
47. c7 Be3+ 48. Kh4 Bxh6 49. c8=Q+ 1-0

[Event "Russian Championship G17 2016"]
[Site "Loo"]
[Date "2016.04.28"]
[Round "9.15"]
[White "Skomorokhina, Ekaterina"]
[Black "Bocharova, Anastasia"]
[Result "0-1"]
[WhiteElo "1883"]
[BlackElo "1612"]
[PlyCount "126"]
[EventDate "2016.04.20"]

1. d4 d6 2. Nf3 Nd7 3. Bf4 g6 4. e3 Bg7 5. h3 e5 6. Bh2 Ne7 7. Be2 O-O 8. O-O
c6 9. c4 Qb6 10. Qd2 exd4 11. Nxd4 d5 12. Nc3 dxc4 13. Bxc4 Ne5 14. Be2 Nf5 15.
Na4 Qd8 16. Rfd1 Qe7 17. Rac1 Rd8 18. Bxe5 Qxe5 19. Rc5 Qf6 20. Rc3 Nxd4 21.
exd4 Rxd4 22. Qxd4 Qxd4 23. Rxd4 Bxd4 24. Rd3 Bf6 25. Nc5 b6 26. Ne4 Be7 27.
Rc3 Bd7 28. Bf3 Rd8 29. Ng3 c5 30. Ra3 a5 31. Rb3 b5 32. Ra3 a4 33. Rd3 b4 34.
Ne4 c4 35. Rd1 Be6 36. Rxd8+ Bxd8 37. Nc5 c3 38. bxc3 bxc3 39. Bd1 Bf5 40. Bxa4
c2 41. Nb3 Bg5 42. g4 Be6 43. Nc1 Bxc1 44. Bxc2 Bxa2 45. Kg2 Kg7 46. Kg3 g5 47.
h4 Bf4+ 48. Kh3 h6 49. hxg5 hxg5 50. Be4 Bc4 51. Kg2 Kf6 52. f3 Ke5 53. Kf2 Kd4
54. Bc2 Kc3 55. Be4 Kd2 56. Bc6 Be3+ 57. Kg2 Ke1 58. Kg3 Bf1 59. Kh2 Kf2 60. f4
Bxf4+ 61. Kh1 Be2 62. Bg2 Bxg4 63. Bh3 Bf3+ 0-1

[Event "Russian Championship G17 2016"]
[Site "Loo"]
[Date "2016.04.28"]
[Round "9.16"]
[White "Troyanok, Tatiana"]
[Black "Mukhtarova, Anastasiia"]
[Result "1-0"]
[WhiteElo "1772"]
[BlackElo "1877"]
[PlyCount "57"]
[EventDate "2016.04.20"]

1. e4 c5 2. Nf3 e6 3. d4 cxd4 4. Nxd4 a6 5. Nc3 Qc7 6. Be3 Nf6 7. Qd2 b5 8. f3
Bb7 9. O-O-O Be7 10. g4 d6 11. g5 Nfd7 12. Rg1 b4 13. Na4 d5 14. f4 Qa5 15. b3
Nc5 16. Nxc5 Bxc5 17. Kb1 dxe4 18. Nxe6 Bxe3 19. Nxg7+ Kf8 20. Qd6+ Kxg7 21.
Qf6+ Kg8 22. Rd8+ Qxd8 23. Qxd8+ Kg7 24. Qf6+ Kg8 25. Bc4 Bd5 26. Bxd5 Ra7 27.
g6 Bxg1 28. gxf7+ Kf8 29. Qxh8+ 1-0

[Event "Russian Championship G17 2016"]
[Site "Loo"]
[Date "2016.04.28"]
[Round "9.17"]
[White "Kazak, Natalia"]
[Black "Barbaeva, Irina"]
[Result "0-1"]
[WhiteElo "1784"]
[BlackElo "1968"]
[PlyCount "58"]
[EventDate "2016.04.20"]

1. d4 d5 2. Nf3 c5 3. e3 g6 4. b3 Bg7 5. Bb2 Nc6 6. Bd3 Nf6 7. O-O O-O 8. Nbd2
e5 9. Nxe5 Nxe5 10. dxe5 Ng4 11. Nf3 Qc7 12. c4 dxc4 13. Bxc4 Nxe5 14. Nxe5
Bxe5 15. Bxe5 Qxe5 16. Qf3 Rb8 17. Rad1 b5 18. Bd5 h5 19. h3 Rb6 20. Rd2 Be6
21. Rfd1 Rd6 22. Bxe6 Rxd2 23. Rxd2 Qxe6 24. Qb7 a6 25. Rd7 Kg7 26. Rc7 Rd8 27.
g3 Rd2 28. Kg2 Rxa2 29. Rxc5 Qxe3 0-1

[Event "Russian Championship G17 2016"]
[Site "Loo"]
[Date "2016.04.28"]
[Round "9.18"]
[White "Kheyfets, Nataliya"]
[Black "Spiridonova, Yana"]
[Result "1/2-1/2"]
[WhiteElo "2035"]
[BlackElo "1824"]
[PlyCount "93"]
[EventDate "2016.04.20"]

1. e4 c5 2. Nf3 Nc6 3. d4 cxd4 4. Nxd4 d6 5. Nc3 Nf6 6. Bg5 e6 7. f4 a6 8. Nxc6
bxc6 9. e5 h6 10. Bh4 dxe5 11. Qxd8+ Kxd8 12. fxe5 g5 13. Bxg5 hxg5 14. exf6
Kc7 15. Ne4 Rg8 16. O-O-O Bb7 17. g4 c5 18. Bg2 Bd5 19. Rd2 Rb8 20. a3 Bxe4 21.
Bxe4 Bd6 22. Rf2 Bf4+ 23. Kb1 Be5 24. b3 Rh8 25. h3 a5 26. Ka2 Rb6 27. Bd3 Rd6
28. Rf3 Rd4 29. Re1 Bf4 30. Re4 Rxe4 31. Bxe4 Kd6 32. Rc3 Rc8 33. b4 axb4 34.
axb4 c4 35. Ra3 Ke5 36. Ra8 Rxa8+ 37. Bxa8 Kd4 38. b5 Kc5 39. Bc6 Be5 40. Be8
Bxf6 41. Bxf7 e5 42. Kb2 e4+ 43. Kc1 Kxb5 44. Kd2 Bd4 45. Bg6 e3+ 46. Ke2 Kc5
47. Bf7 1/2-1/2

[Event "Russian Championship G17 2016"]
[Site "Loo"]
[Date "2016.04.28"]
[Round "9.19"]
[White "Suleimanova, Renata"]
[Black "Sakorenko, Adriana"]
[Result "1/2-1/2"]
[WhiteElo "1789"]
[BlackElo "1969"]
[PlyCount "116"]
[EventDate "2016.04.20"]

1. Nf3 c5 2. g3 b6 3. Bg2 Bb7 4. O-O Nf6 5. c4 g6 6. b3 Bg7 7. Bb2 O-O 8. e3
Nc6 9. d4 cxd4 10. Nxd4 Qc8 11. Nd2 Nxd4 12. Bxb7 Qxb7 13. Bxd4 Rac8 14. Nf3
Rfd8 15. Qe2 d5 16. cxd5 Nxd5 17. Bxg7 Kxg7 18. Qb2+ Kg8 19. Ne5 Nb4 20. a3 Nd3
21. Nxd3 Rxd3 22. Rac1 Rcd8 23. Qe5 R8d5 24. Rc7 Rxe5 25. Rxb7 Ra5 26. Rxe7
Rxb3 27. Rc1 Rbxa3 28. Rcc7 Rf5 29. Rxa7 Rxa7 30. Rxa7 Rb5 31. Kg2 Kg7 32. h4
Rb2 33. Rb7 h5 34. Kf3 Kf6 35. Kg2 Ke6 36. Kf3 b5 37. Kg2 b4 38. Kf3 b3 39. Kg2
Rb1 40. Kh2 f6 41. Rb6+ Kf5 42. Rb4 g5 43. hxg5 fxg5 44. Kg2 b2 45. f3 h4 46.
Rb5+ Ke6 47. gxh4 gxh4 48. f4 h3+ 49. Kh2 Kf6 50. e4 Ke6 51. Rb6+ Ke7 52. f5
Re1 53. Rxb2 Rxe4 54. Rf2 Re3 55. Rf1 Kf6 56. Rf2 Re5 57. Kxh3 Rxf5 58. Rxf5+
Kxf5 1/2-1/2

[Event "Russian Championship G17 2016"]
[Site "Loo"]
[Date "2016.04.28"]
[Round "9.20"]
[White "Kovaleva, Ekaterina"]
[Black "Chistyakova, Daria"]
[Result "1-0"]
[WhiteElo "1786"]
[BlackElo "1857"]
[PlyCount "85"]
[EventDate "2016.04.20"]

1. e4 e5 2. Nf3 Nc6 3. Bc4 Nf6 4. d3 Be7 5. O-O O-O 6. Re1 d6 7. d4 Bg4 8. dxe5
Nxe5 9. Be2 Nxf3+ 10. Bxf3 Bxf3 11. Qxf3 Nd7 12. Nc3 Ne5 13. Qg3 Bh4 14. Qh3 c6
15. Bf4 Ng6 16. Be3 Bg5 17. Rad1 Bxe3 18. Rxe3 Qc7 19. Qg3 Ne5 20. b3 f5 21.
exf5 Rxf5 22. Ne4 Rd8 23. Ng5 Qd7 24. Re2 h6 25. Ne4 Qc7 26. Red2 d5 27. c4
Rff8 28. cxd5 cxd5 29. Nc3 Nf3+ 30. gxf3 Qxc3 31. Rd3 Qc5 32. Qe5 Rfe8 33. Qd4
Qa5 34. R3d2 Rd6 35. b4 Qa3 36. Qg4 Qa6 37. Kh1 Red8 38. Rg1 R8d7 39. Rc2 d4
40. Rc8+ Kh7 41. Qf5+ g6 42. Qf8 g5 43. Qg8# 1-0

[Event "Russian Championship G17 2016"]
[Site "Loo"]
[Date "2016.04.28"]
[Round "9.21"]
[White "Perfilova, Maria"]
[Black "Bushueva, Tatjana"]
[Result "1-0"]
[WhiteElo "1844"]
[BlackElo "1678"]
[PlyCount "153"]
[EventDate "2016.04.20"]

1. e4 e6 2. d4 d5 3. Nd2 c5 4. exd5 Qxd5 5. Ngf3 Nc6 6. Bc4 Qd8 7. Nb3 cxd4 8.
O-O a6 9. Nbxd4 Nxd4 10. Nxd4 Qc7 11. Qe2 Bd6 12. h3 Ne7 13. b3 b5 14. Bd3 Qc3
15. Be3 Bb7 16. Rad1 O-O 17. Qg4 Bd5 18. Ne2 Qc7 19. Nf4 Bb7 20. Qh4 Ng6 21.
Nxg6 hxg6 22. Qg4 Rad8 23. h4 Bc8 24. h5 e5 25. Qh4 gxh5 26. Bg5 Rde8 27. Qxh5
f5 28. c4 e4 29. Rfe1 bxc4 30. Bxc4+ Be6 31. Bxa6 Bf7 32. Qe2 Bb4 33. Rc1 Qa5
34. Red1 f4 35. Bh4 Bh5 36. Qc4+ Bf7 37. Qb5 e3 38. Qxa5 Bxa5 39. fxe3 fxe3 40.
Be2 Bd2 41. Rc2 Rc8 42. Rcxd2 exd2 43. Rxd2 Rc1+ 44. Kh2 Ra8 45. Bf3 Rac8 46.
Be4 Re8 47. Bd3 Rcc8 48. Bb5 Re5 49. Ba6 Ra8 50. Bb7 Rae8 51. Bc6 Rc8 52. Bf3
Rec5 53. Bd1 Rb5 54. Bg3 Rb6 55. Kg1 Ra8 56. Bf3 Rc8 57. Kf2 Rf6 58. Ke2 Re6+
59. Kd1 Rg6 60. Bb7 Re8 61. Bf4 Rf6 62. g3 Bh5+ 63. Kc1 Re1+ 64. Kb2 Bg6 65.
Bd5+ Bf7 66. Bxf7+ Rxf7 67. a4 Rf5 68. b4 Rh5 69. b5 Rhh1 70. Kc3 Ra1 71. Kb4
Rhb1+ 72. Ka5 Rb3 73. b6 Rba3 74. Rd4 Rb1 75. Rb4 Rd1 76. b7 Rd5+ 77. Kb6 1-0

[Event "Russian Championship G17 2016"]
[Site "Loo"]
[Date "2016.04.28"]
[Round "9.22"]
[White "Protasova, Anastasia"]
[Black "Dekalyuk, Anastasiya"]
[Result "1-0"]
[WhiteElo "1843"]
[BlackElo "1554"]
[PlyCount "91"]
[EventDate "2016.04.20"]

1. d4 d5 2. c4 dxc4 3. e3 Nf6 4. Bxc4 c5 5. Nf3 e6 6. O-O Nc6 7. dxc5 Bxc5 8.
Qe2 O-O 9. Rd1 Qe7 10. Nc3 b6 11. a3 Bb7 12. b4 Bd6 13. Nb5 Bb8 14. Bb2 a6 15.
Nbd4 Nxd4 16. Bxd4 b5 17. Bc5 Qc7 18. Bxf8 Kxf8 19. Bb3 Bxf3 20. Qxf3 Qxh2+ 21.
Kf1 Ra7 22. Qc6 Qc7 23. Rac1 Ke7 24. Qf3 Qe5 25. Rc8 Nd7 26. Qc6 Rc7 27. Rxc7
Qxc7 28. Qxa6 Qa7 29. Qxb5 Nf6 30. Qc5+ Qxc5 31. bxc5 Ne4 32. c6 Nc5 33. Bc4
Bc7 34. Bb5 Kf6 35. a4 Ke7 36. Ke2 Ba5 37. e4 Kf6 38. Rc1 Nb3 39. Rc4 Bc7 40.
Kd3 Ke5 41. Kc3 Nc1 42. Rd4 Ba5+ 43. Kc4 Ne2 44. Rd7 Nc3 45. c7 Bxc7 46. Rxc7
1-0

[Event "Russian Championship G17 2016"]
[Site "Loo"]
[Date "2016.04.28"]
[Round "9.23"]
[White "Shojhet, Sofiy"]
[Black "Shelepneva, Darya"]
[Result "1-0"]
[WhiteElo "1807"]
[BlackElo "1780"]
[PlyCount "101"]
[EventDate "2016.04.20"]

1. e4 c5 2. Nf3 Nc6 3. Bb5 g6 4. O-O Bg7 5. c3 Nf6 6. Re1 O-O 7. d3 d6 8. Bxc6
bxc6 9. h3 Rb8 10. Qc2 Nd7 11. Bf4 e5 12. Bd2 Qb6 13. Na3 d5 14. Rab1 Bb7 15.
Qc1 Ba6 16. c4 d4 17. Bh6 Qd8 18. Bxg7 Kxg7 19. Qd2 Re8 20. g4 Qc7 21. Nc2 Bc8
22. Kh1 Rh8 23. Rg1 h5 24. g5 h4 25. Nce1 Nf8 26. Kh2 Qd7 27. Rg4 Qc7 28. Rg1
Ne6 29. Ng2 Qd7 30. Rh1 Nf4 31. Nxf4 exf4 32. Kg2 Qc7 33. b3 Be6 34. Rbd1 Rb6
35. Ra1 Ra6 36. a3 Rb6 37. b4 cxb4 38. axb4 Rhb8 39. Nxd4 Rxb4 40. Qc3 Kg8 41.
Nxe6 fxe6 42. Qf6 Kh7 43. Qxe6 f3+ 44. Kxf3 Rf8+ 45. Kg2 Rb2 46. Rhf1 Qg3+ 47.
Kh1 Rbxf2 48. Rxa7+ Kh8 49. Rxf2 Qb8 50. Rxf8+ Qxf8 51. Rf7 1-0

[Event "Russian Championship G17 2016"]
[Site "Loo"]
[Date "2016.04.28"]
[Round "9.24"]
[White "Alekseeva, Angelina"]
[Black "Shabunova, Ekaterina"]
[Result "1/2-1/2"]
[WhiteElo "1619"]
[BlackElo "1805"]
[PlyCount "66"]
[EventDate "2016.04.20"]

1. d4 Nf6 2. c4 d6 3. Nf3 Nbd7 4. Nc3 e5 5. e4 Be7 6. Be2 O-O 7. O-O c6 8. Be3
Re8 9. h3 Qc7 10. d5 c5 11. Ne1 Nf8 12. Nd3 Ng6 13. f4 exf4 14. Nxf4 Ne5 15. b3
Bf8 16. Qc2 Qe7 17. Rae1 h6 18. Nd3 Ng6 19. Nf2 Qe5 20. Nd3 Qe7 21. Nf2 Nh7 22.
Qd2 a6 23. a4 Qh4 24. Ng4 h5 25. Nh2 Qg3 26. Bf2 Qe5 27. Nf3 Qe7 28. Bd3 f6 29.
Nh2 Qe5 30. Nf3 Qe7 31. Nh2 Qe5 32. Nf3 Qe7 33. Nh2 Qe5 1/2-1/2

[Event "Russian Championship G17 2016"]
[Site "Loo"]
[Date "2016.04.28"]
[Round "9.25"]
[White "Elkina, Yuliya"]
[Black "Teryaeva, Valeria"]
[Result "1/2-1/2"]
[WhiteElo "1559"]
[BlackElo "1929"]
[PlyCount "80"]
[EventDate "2016.04.20"]

1. f4 d5 2. Nf3 Nf6 3. e3 Bf5 4. b3 c5 5. Bb2 e6 6. Ne5 a6 7. d3 Nbd7 8. Nd2
Nxe5 9. fxe5 Ng4 10. Qe2 Qg5 11. e4 Bg6 12. exd5 exd5 13. Nf3 Qe3 14. h3 Qxe2+
15. Kxe2 Nh6 16. g4 O-O-O 17. Re1 d4 18. a4 Be7 19. Bg2 f6 20. Kd1 Nf7 21. Rhf1
Nxe5 22. Nxe5 fxe5 23. Rxe5 Bd6 24. Re6 Rhe8 25. Rfe1 Kc7 26. Bc1 Rxe6 27. Rxe6
Re8 28. Rxe8 Bxe8 29. Ke2 b5 30. axb5 axb5 31. Be4 h5 32. Kf3 Be5 33. h4 Kd6
34. Bf4 Bf7 35. Kg3 Be8 36. Kf3 Bd7 37. Kg3 Be8 38. Kf3 Bf7 39. Kg3 Be8 40. Kf3
Bf7 1/2-1/2

[Event "Russian Championship G17 2016"]
[Site "Loo"]
[Date "2016.04.28"]
[Round "9.26"]
[White "Dorofeeva, Nyurguiaana"]
[Black "Bychenkova, Yulia"]
[Result "1-0"]
[WhiteElo "1851"]
[BlackElo "1696"]
[PlyCount "65"]
[EventDate "2016.04.20"]

1. Nf3 d5 2. d4 f5 3. Bf4 Nf6 4. e3 e6 5. c4 c6 6. Nc3 Be7 7. c5 O-O 8. Be2 b5
9. b4 a5 10. a3 Bd7 11. Ne5 Be8 12. O-O Ne4 13. Nxe4 dxe4 14. h3 g5 15. Bh2 f4
16. Bg4 Qd5 17. f3 Bg6 18. Nxg6 hxg6 19. fxe4 Qxe4 20. exf4 Bf6 21. Kh1 Bxd4
22. Re1 Be3 23. fxg5 Qd4 24. Bxe6+ Kh7 25. Qxd4 Bxd4 26. Rad1 Bb2 27. Bxb8
Raxb8 28. Rd7+ Kh8 29. Re4 Rf1+ 30. Kh2 Be5+ 31. Rxe5 Re8 32. Re4 Rxe6 33. Rxe6
1-0

[Event "Russian Championship G17 2016"]
[Site "Loo"]
[Date "2016.04.28"]
[Round "9.28"]
[White "Grigorian, Ivetta"]
[Black "Borodina, Tatiana"]
[Result "0-1"]
[WhiteElo "1446"]
[BlackElo "1721"]
[PlyCount "68"]
[EventDate "2016.04.20"]

1. e4 e5 2. Nf3 Nc6 3. Nc3 Nf6 4. g3 d5 5. exd5 Nxd5 6. Nxd5 Qxd5 7. Bg2 Bg4 8.
h3 Qe4+ 9. Kf1 Bh5 10. g4 Bg6 11. d3 Qb4 12. Qe2 f6 13. Rb1 O-O-O 14. a3 Qb6
15. b4 Nd4 16. Nxd4 Qxd4 17. Be3 Qc3 18. Rb3 Qxb3 19. cxb3 Bxd3 20. Ke1 Bxe2
21. Kxe2 a6 22. Rc1 Kb8 23. Rc4 Be7 24. Be4 h5 25. Bf3 hxg4 26. hxg4 Rh4 27.
Re4 g6 28. Bg2 Rhh8 29. Bf3 Bd6 30. Rc4 f5 31. gxf5 gxf5 32. Bg2 e4 33. Bc5 Rh2
34. Kf1 Rg8 0-1

[Event "Russian Championship G19 2016"]
[Site "Loo"]
[Date "2016.04.28"]
[Round "9.1"]
[White "Obolentseva, Alexandra"]
[Black "Alekseeva, Irina"]
[Result "1/2-1/2"]
[WhiteElo "2315"]
[BlackElo "2177"]
[PlyCount "81"]
[EventDate "2016.04.20"]

1. d4 d5 2. c4 e6 3. Nc3 Nf6 4. Nf3 Be7 5. Bg5 O-O 6. e3 h6 7. Bh4 Ne4 8. Bxe7
Qxe7 9. Rc1 c6 10. Bd3 Nxc3 11. Rxc3 Nd7 12. O-O dxc4 13. Bxc4 c5 14. Bb3 b6
15. Qe2 Bb7 16. Ba4 Rac8 17. Bxd7 Qxd7 18. dxc5 Rxc5 19. Rxc5 bxc5 20. Rd1 Qa4
21. b3 Bxf3 22. gxf3 Qh4 23. Qd3 f5 24. Qd6 Qh5 25. Qxe6+ Kh7 26. Qd5 Rf6 27.
Kh1 Qh4 28. Rf1 f4 29. Qe4+ Kh8 30. Rd1 Rf8 31. exf4 Qxf2 32. Rg1 Qxa2 33. Qb7
Rg8 34. f5 Qb2 35. Qd5 Qd4 36. Qe6 Qc3 37. Rg3 Qd3 38. Kg2 Rf8 39. Qe7 Qc2+ 40.
Kh1 Qd1+ 41. Kg2 1/2-1/2

[Event "Russian Championship G19 2016"]
[Site "Loo"]
[Date "2016.04.28"]
[Round "9.2"]
[White "Marjina, Arina"]
[Black "Rodionova, Daria"]
[Result "1/2-1/2"]
[WhiteElo "2024"]
[BlackElo "2212"]
[PlyCount "81"]
[EventDate "2016.04.20"]

1. d4 Nf6 2. c4 g6 3. Nc3 d5 4. cxd5 Nxd5 5. Nf3 Bg7 6. Bg5 c5 7. Rc1 Nxc3 8.
bxc3 O-O 9. e3 Qc7 10. Be2 Re8 11. O-O Nd7 12. Qa4 Kf8 13. Bf4 Qd8 14. Rfd1 Nb6
15. Qb5 c4 16. Ne5 a6 17. Qb4 Nd5 18. Qxc4 Be6 19. Qa4 b5 20. Qa3 Nxf4 21. exf4
Qd6 22. Qb2 f6 23. Nd3 Bh6 24. Bf3 Rab8 25. g3 Bc4 26. Nc5 Kg8 27. Re1 e5 28.
Ne4 Qb6 29. dxe5 fxe5 30. Nd2 Qc5 31. Nxc4 bxc4 32. Qd2 Rbd8 33. Qe3 Qc8 34.
Qa7 exf4 35. Rxe8+ Rxe8 36. Bd5+ Kh8 37. Qd4+ Bg7 38. Qxf4 a5 39. Bxc4 Rf8 40.
Qe4 Qc5 41. Rf1 1/2-1/2

[Event "Russian Championship G19 2016"]
[Site "Loo"]
[Date "2016.04.28"]
[Round "9.3"]
[White "Matiukova, Uliana"]
[Black "Mamontova, Anastasia"]
[Result "1-0"]
[WhiteElo "2161"]
[BlackElo "2065"]
[PlyCount "59"]
[EventDate "2016.04.20"]

1. d4 d5 2. c4 dxc4 3. Nf3 a6 4. a4 c6 5. e3 b5 6. axb5 cxb5 7. b3 cxb3 8.
Bxb5+ Bd7 9. Bc4 Nc6 10. Qxb3 e6 11. Bd2 a5 12. d5 Rb8 13. dxc6 Rxb3 14. cxd7+
Qxd7 15. Bxb3 Qd3 16. Ba4+ Ke7 17. Bxa5 Nh6 18. Nc3 Qf5 19. Bb5 g5 20. Rd1 Bg7
21. Bb4+ Kf6 22. h4 g4 23. e4 Qh5 24. e5+ Kg6 25. Bd3+ f5 26. Ne2 Bxe5 27.
Nxe5+ Kf6 28. Nd7+ Kg7 29. Bc3+ Kg8 30. Nf6+ 1-0

[Event "Russian Championship G19 2016"]
[Site "Loo"]
[Date "2016.04.28"]
[Round "9.4"]
[White "Maslova, Polina"]
[Black "Drogovoz, Irina"]
[Result "1-0"]
[WhiteElo "2096"]
[BlackElo "2205"]
[PlyCount "69"]
[EventDate "2016.04.20"]

1. e4 c5 2. Nf3 d6 3. Bb5+ Bd7 4. Bxd7+ Qxd7 5. c4 Nf6 6. Nc3 g6 7. d4 cxd4 8.
Nxd4 Bg7 9. f3 O-O 10. Be3 Nc6 11. O-O a6 12. Qd3 Ne5 13. Qe2 Rac8 14. b3 e6
15. Rac1 Rfd8 16. Rfd1 Qe7 17. Kh1 Nc6 18. Na4 Nd7 19. Nc2 Re8 20. Qd2 Bf8 21.
Bg5 f6 22. Bf4 Nde5 23. Nc3 Rb8 24. Qe2 Qc7 25. Ne3 Qa5 26. Bg3 Nf7 27. c5 Rbd8
28. cxd6 Nxd6 29. Ng4 Be7 30. Bxd6 Rxd6 31. Rxd6 Bxd6 32. Nxf6+ Kf7 33. Nxe8
Bf4 34. Rd1 Kxe8 35. Qc4 1-0

[Event "Russian Championship G19 2016"]
[Site "Loo"]
[Date "2016.04.28"]
[Round "9.5"]
[White "Yakimenko, Viktoria"]
[Black "Diakonova, Ekaterina"]
[Result "1-0"]
[WhiteElo "2056"]
[BlackElo "2281"]
[PlyCount "61"]
[EventDate "2016.04.20"]

1. e4 d6 2. d4 Nf6 3. Nc3 e5 4. Nge2 Be7 5. g3 O-O 6. Bg2 c6 7. a4 a5 8. O-O
Na6 9. h3 h5 10. b3 Nb4 11. Na2 b5 12. Bb2 Nxa2 13. Rxa2 Qc7 14. Qa1 Nd7 15.
axb5 cxb5 16. Nc3 Bb7 17. Nxb5 Qxc2 18. dxe5 dxe5 19. Ba3 Qc6 20. Bxe7 Rfe8 21.
Rxa5 Rxe7 22. Rxa8+ Bxa8 23. Rc1 Qxb5 24. Qxa8+ Kh7 25. Qd8 Qb4 26. Rc7 Qd6 27.
h4 Qd1+ 28. Bf1 Qd6 29. Bh3 Qd1+ 30. Kg2 Qd6 31. Rxd7 1-0

[Event "Russian Championship G19 2016"]
[Site "Loo"]
[Date "2016.04.28"]
[Round "9.6"]
[White "Lysenko, Margarita"]
[Black "Chekmareva, Liya"]
[Result "1-0"]
[WhiteElo "2071"]
[BlackElo "2043"]
[PlyCount "115"]
[EventDate "2016.04.20"]

1. d4 Nf6 2. c4 g6 3. f3 d5 4. cxd5 Nxd5 5. e4 Nb6 6. Nc3 Bg7 7. Be3 Nc6 8. d5
Nb8 9. h4 h5 10. Nh3 Bxh3 11. Rxh3 c6 12. Qb3 N8d7 13. Rd1 Qc7 14. Be2 Rc8 15.
Kf2 O-O 16. dxc6 bxc6 17. g3 Rb8 18. Qc2 Ne5 19. b3 Qc8 20. Rhh1 f5 21. Kg2
fxe4 22. Qxe4 Qf5 23. Bf4 Qxe4 24. Nxe4 Nd5 25. Bd2 Rbd8 26. Nc5 Rd6 27. Rhe1
Kh8 28. Ne4 Rd7 29. Bg5 Kh7 30. Bd2 Kh8 31. Rf1 Rdd8 32. Bg5 Rd7 33. Nc5 Rd6
34. Bc4 Nc3 35. Rde1 Bf6 36. Bf4 Nxc4 37. bxc4 e5 38. Bxe5 Bxe5 39. Rxe5 Nxa2
40. Re7 a5 41. Nd7 Rd8 42. Ne5 Rd2+ 43. Kh3 R8d4 44. Nxg6+ Kg8 45. Rfe1 Rd6 46.
Ra7 Rd7 47. Rxa5 Nc3 48. Rg5 Rc7 49. Rxh5 Nd1 50. g4 Rb7 51. Nf4 Rb3 52. Rg5+
Kf7 53. Rf5+ Kg7 54. Re7+ Kg8 55. Ng6 Nf2+ 56. Kg3 Nh1+ 57. Kf4 Rd4+ 58. Kg5
1-0

[Event "Russian Championship G19 2016"]
[Site "Loo"]
[Date "2016.04.28"]
[Round "9.7"]
[White "Solozhenkina, Elizaveta"]
[Black "Mukhina, Jana"]
[Result "1/2-1/2"]
[WhiteElo "2137"]
[BlackElo "2072"]
[PlyCount "85"]
[EventDate "2016.04.20"]

1. e4 e5 2. Nf3 Nc6 3. d4 exd4 4. Nxd4 Bb4+ 5. c3 Bc5 6. Nxc6 bxc6 7. Bd3 Ne7
8. O-O d6 9. Nd2 O-O 10. b4 Bb6 11. a4 a6 12. Nc4 Ba7 13. Bg5 f6 14. Bf4 Be6
15. Qe2 Qd7 16. Kh1 f5 17. f3 Rae8 18. Be3 Bxe3 19. Qxe3 f4 20. Qd4 Rd8 21. Nb2
Ra8 22. a5 Ng6 23. Qf2 Ne5 24. Qe2 Qc8 25. Bc4 Kh8 26. Rad1 Rf6 27. Rd4 Qb7 28.
Bxe6 Rxe6 29. Nd3 Nxd3 30. Qxd3 Qb5 31. Qxb5 cxb5 32. Rfd1 Re5 33. g3 Rf8 34.
Kg2 g5 35. Rd5 Rfe8 36. gxf4 gxf4 37. Kf2 h6 38. h4 h5 39. Rxe5 Rxe5 40. Rd5
Kg7 41. Rxe5 dxe5 42. Ke2 c6 43. Kd3 1/2-1/2

[Event "Russian Championship G19 2016"]
[Site "Loo"]
[Date "2016.04.28"]
[Round "9.8"]
[White "Mukhtarova, Viktoriya"]
[Black "Antipova, Anastasia"]
[Result "1-0"]
[WhiteElo "1899"]
[BlackElo "2103"]
[PlyCount "109"]
[EventDate "2016.04.20"]

1. Nf3 c5 2. g3 Nc6 3. Bg2 g6 4. O-O Bg7 5. d3 d6 6. e4 e5 7. Nbd2 Nge7 8. a4
O-O 9. Nc4 h6 10. Re1 Be6 11. h3 Qd7 12. Kh2 Rad8 13. Qe2 f5 14. exf5 Nxf5 15.
c3 Rf7 16. Ne3 Rdf8 17. Nxf5 Rxf5 18. Be3 Rh5 19. Nh4 Qf7 20. Be4 Qf6 21. Rg1
Ne7 22. Kg2 Bd5 23. Nf3 Rf5 24. Nh4 Rh5 25. Rgf1 b6 26. c4 Bf7 27. Bf3 Rxh4 28.
gxh4 Nf5 29. Be4 Nxh4+ 30. Kh2 Be6 31. Rg1 Bf5 32. Rg3 Kh8 33. a5 Bc8 34. axb6
axb6 35. Rag1 Bf5 36. Ra1 Be6 37. Ra8 Nf5 38. Rxf8+ Bxf8 39. Rg1 Bg7 40. Qf3
Kh7 41. Ra1 Qe7 42. Ra8 Nh4 43. Qg3 Nf5 44. Qg1 Qd7 45. Rb8 d5 46. cxd5 Bxd5
47. Rxb6 Nh4 48. Qg4 Qe7 49. Ra6 Qb7 50. Bxd5 Qxa6 51. Qxh4 Qxd3 52. Qe4 Qe2
53. Bf7 Qh5 54. Qg4 Qxg4 55. hxg4 1-0

[Event "Russian Championship G19 2016"]
[Site "Loo"]
[Date "2016.04.28"]
[Round "9.9"]
[White "Yakimenko, Anastasia"]
[Black "Dolgaeva, Evgenia"]
[Result "0-1"]
[WhiteElo "2050"]
[BlackElo "1931"]
[PlyCount "106"]
[EventDate "2016.04.20"]

1. Nf3 c5 2. g3 Nc6 3. d4 cxd4 4. Nxd4 g6 5. Bg2 Bg7 6. Be3 Nf6 7. h3 O-O 8.
O-O Ne5 9. Nd2 d6 10. c3 a6 11. Qb3 Qc7 12. a4 Rb8 13. f4 Nc6 14. Kh2 Nxd4 15.
Bxd4 b5 16. e4 bxa4 17. Qc2 e5 18. Be3 exf4 19. Bxf4 Nh5 20. Rxa4 Nxf4 21. Rxf4
Be5 22. Rf3 Be6 23. b3 h5 24. Nc4 Bxc4 25. Rxc4 Qe7 26. Kg1 h4 27. g4 Qa7+ 28.
Kh1 a5 29. Ra4 Qc5 30. c4 Rb4 31. Ra2 Rfb8 32. Qd1 Bg3 33. Ra1 Qe5 34. Qf1 R8b7
35. Ra3 Kg7 36. Qd3 Qb2 37. Qc3+ Qxc3 38. Rxc3 a4 39. e5 Bxe5 40. Bxb7 Bxc3 41.
Be4 axb3 42. Bd3 Be5 43. Kg2 b2 44. Bb1 Rxc4 45. Rf3 Rc1 46. Rf1 Bg3 47. g5 Rc5
48. Ba2 Rxg5 49. Rxf7+ Kh6 50. Rb7 Be5+ 51. Kf2 Rg3 52. Be6 Bd4+ 53. Ke2 Re3+
0-1